[Event "EWICC 2019"]
[Site "Antalya"]
[Date "2019.04.12"]
[Round "2.59"]
[White "Palma, Maria"]
[Black "Rodshtein, Tereza"]
[Result "0-1"]
[WhiteElo "1998"]
[BlackElo "2234"]
[Annotator "NA"]
[PlyCount "146"]
[EventDate "2019.04.11"]
[EventType "swiss"]
[EventCountry "TUR"]
[SourceTitle "playchess.com"]
[Source "ChessBase"]
[SourceQuality "1"]

1. d4 d5 2. c4 c6 3. Nc3 Nf6 4. Nf3 e6 5. Bg5 Nbd7 6. e3 Qa5 7. Nd2 Bb4 8. Qc2 c5 9. Bxf6 Nxf6 10. Nb3 Qa4 11. Rc1 Bxc3+ 12. bxc3 dxc4 13. Nxc5 Qxc2 14. Rxc2 b6 15. Na4 Bd7 16. Nb2 b5 17. f3 O-O 18. Kf2 Ne8 19. Be2 Nd6 20. Rb1 Rfe8 21. e4 Bc6 22. e5 Nf5 23. Nd1 f6 24. exf6 gxf6 25. g4 Nd6 26. Ne3 Kf7 27. Rd2 Bd7 28. Bf1 Rac8 29. Bg2 Rc7 30. f4 Bc8 31. h3 Bb7 32. Bxb7 Rxb7 33. Kf3 Reb8 34. Rdb2 a6 35. Nf1 Re8 36. Re2 a5 37. a3 b4 38. axb4 Nb5 39. Re3 axb4 40. Rxb4 Nxd4+ 41. Ke4 Rxb4 42. cxb4 Nb5 43. Re1 Rd8 44. Rc1 Rd4+ 45. Kf3 c3 46. Ne3 Rd2 47. Nd1 Rd3+ 48. Ke4 Rxh3 49. Nf2 Rg3 50. f5 e5 51. Kd5 Ke7 52. Kc5 Nd6 53. b5 Rg2 54. Nd3 Rxg4 55. Kb6 Rc4 56. Ka5 Nxf5 57. b6 Nd6 58. Nb4 Rc8 59. Nd5+ Ke6 60. Nc7+ Kd7 61. Rxc3 e4 62. Rh3 Rh8 63. Ka6 f5 64. Ka7 f4 65. Nd5 Kc6 66. Ne7+ Kc5 67. Rh5+ Kc4 68. b7 Nxb7 69. Kxb7 Rf8 70. Nf5 e3 71. Nd6+ Kd4 72. Kc6 e2 73. Nb5+ Ke3 0-1

[Event "EWICC 2019"]
[Site "Antalya"]
[Date "2019.04.13"]
[Round "2.60"]
[White "Paramzina, Anastasya"]
[Black "Sahin, Handenur"]
[Result "1-0"]
[WhiteElo "2214"]
[BlackElo "2017"]
[Annotator "ChessBase"]
[PlyCount "129"]
[EventDate "2019.04.11"]
[EventType "swiss"]
[EventCountry "TUR"]
[SourceTitle "playchess.com"]
[Source "ChessBase"]
[SourceQuality "1"]

1. e4 e5 2. Nf3 Nc6 3. Bc4 Nf6 4. d3 Bc5 5. O-O d6 6. c3 a6 7. Bb3 Ba7 8. Re1 O-O 9. Na3 h6 10. Nc4 Be6 11. h3 Bxc4 12. dxc4 Na5 13. Nh4 Nxb3 14. Qxb3 Ng4 15. hxg4 Qxh4 16. Be3 Bxe3 17. Rxe3 b6 18. Qd1 Qe7 19. Rg3 f6 20. Rd3 Qe6 21. Rd5 Rfd8 22. Qe2 c6 23. Rd2 b5 24. cxb5 axb5 25. a3 Kf7 26. Rad1 Ke7 27. Rd3 Ra4 28. Re3 Qb3 29. Qd2 Qe6 30. Qe2 Qb3 31. Kh2 d5 32. Qd2 Qc4 33. Qc2 Qc5 34. b4 Qc4 35. exd5 Rxd5 36. Rde1 Kf7 37. Re4 Qd3 38. Qb3 Ra7 39. R4e3 Qd2 40. c4 bxc4 41. Qxc4 Qxf2 42. Qxc6 Qf4+ 43. Kh1 Rd4 44. b5 Qf2 45. Qf3 Qh4+ 46. Qh3 Qf2 47. Qg3 Qd2 48. b6 Rb7 49. Qf3 Rxb6 50. Rxe5 Qf4 51. Re7+ Kg6 52. Qa8 Qb8 53. Qf3 Qf4 54. Qc3 Rb8 55. Qc2+ f5 56. gxf5+ Kh5 57. Qe2+ Qg4 58. Qe5 Rb2 59. Rxg7 Qh4+ 60. Qh2 Qxh2+ 61. Kxh2 Rh4+ 62. Kg1 Ra2 63. f6 Rf4 64. Re5+ Kh4 65. g3+ 1-0

[Event "EWICC 2019"]
[Site "Antalya"]
[Date "2019.04.12"]
[Round "2.61"]
[White "Kocyigit, Buse Naz"]
[Black "Toma, Katarzyna"]
[Result "0-1"]
[WhiteElo "1932"]
[BlackElo "2211"]
[Annotator "NA"]
[PlyCount "80"]
[EventDate "2019.04.11"]
[EventType "swiss"]
[EventCountry "TUR"]
[SourceTitle "playchess.com"]
[Source "ChessBase"]
[SourceQuality "1"]

1. e4 e5 2. Nf3 Nc6 3. Bb5 Nge7 4. c3 a6 5. Ba4 g6 6. d4 exd4 7. cxd4 Bg7 8. O-O b5 9. Bb3 d6 10. h3 O-O 11. Bg5 h6 12. Bf4 Bb7 13. Qd2 g5 14. Bh2 Ng6 15. d5 Nce5 16. Nd4 Bc8 17. Nc3 Qf6 18. Nce2 Bd7 19. Rad1 Rfe8 20. f4 gxf4 21. Nxf4 Qg5 22. Nxg6 Qxg6 23. Nf5 Bxf5 24. exf5 Qf6 25. Rc1 Rac8 26. a4 Re7 27. axb5 axb5 28. Bxe5 Rxe5 29. Qd3 Rce8 30. Qxb5 Qg5 31. Bc4 Re3 32. Ra1 Bd4 33. Kh1 Kf8 34. Rfd1 Be5 35. f6 Bxf6 36. Rf1 Rg3 37. Rf2 Bd4 38. Rc2 Qh4 39. Bf1 Rge3 40. Rxc7 Qf2 0-1

[Event "EWICC 2019"]
[Site "Antalya"]
[Date "2019.04.12"]
[Round "2.62"]
[White "Kusenkova, Natallia"]
[Black "Pipia, Ekaterine"]
[Result "1/2-1/2"]
[WhiteElo "2211"]
[BlackElo "1936"]
[Annotator "NA"]
[PlyCount "67"]
[EventDate "2019.04.11"]
[EventType "swiss"]
[EventCountry "TUR"]
[SourceTitle "playchess.com"]
[Source "ChessBase"]
[SourceQuality "1"]

1. d4 Nf6 2. Nf3 e6 3. g3 b5 4. Bg2 Bb7 5. O-O c5 6. Na3 Qb6 7. c4 b4 8. Nc2 d6 9. b3 Be7 10. Bb2 O-O 11. Ne3 Na6 12. d5 Nc7 13. Ne1 a5 14. Kh1 a4 15. Rb1 axb3 16. axb3 Nd7 17. N3c2 exd5 18. cxd5 Bf6 19. Ne3 Nb5 20. Nc4 Qc7 21. Nc2 Nc3 22. Bxc3 Bxc3 23. e4 Ba6 24. N2e3 Nb6 25. Nxb6 Qxb6 26. Rg1 Bb5 27. Bf1 Bd7 28. Qf3 Qc7 29. Bd3 Ra2 30. Rbc1 Rb2 31. Rb1 Ra2 32. Rbc1 Rb2 33. Rb1 Ra2 34. Rbc1 1/2-1/2

[Event "EWICC 2019"]
[Site "Antalya"]
[Date "2019.04.12"]
[Round "2.63"]
[White "Aghasiyeva, Fidan"]
[Black "Koljevic, Nikolina"]
[Result "0-1"]
[WhiteElo "2209"]
[BlackElo "1917"]
[Annotator "NA"]
[PlyCount "78"]
[EventDate "2019.04.11"]
[EventType "swiss"]
[EventCountry "TUR"]
[SourceTitle "playchess.com"]
[Source "ChessBase"]
[SourceQuality "1"]

1. e4 c5 2. Nc3 Nc6 3. g3 e6 4. Bg2 Nge7 5. d3 d6 6. Be3 g6 7. Qd2 h5 8. h4 Bg7 9. Nge2 Nd4 10. Nd1 Rb8 11. Nc1 b5 12. c3 Ndc6 13. f4 b4 14. O-O O-O 15. Ne2 Qa5 16. Nf2 d5 17. f5 bxc3 18. bxc3 d4 19. Bh6 exf5 20. Bxg7 Kxg7 21. Qg5 f6 22. Qf4 dxc3 23. exf5 Bxf5 24. g4 hxg4 25. h5 g5 26. h6+ Kxh6 27. Nxg4+ Bxg4 28. Qxg4 f5 29. Qc4 Rf6 30. Bxc6 Rxc6 31. Qf7 Qc7 32. Rf2 Ng6 33. Qxf5 Nh4 34. Qe4 c2 35. Rc1 Rb1 36. Rff1 Rxc1 37. Rxc1 Rf6 38. Qh1 Qe5 39. Qe4 Nf3+ 0-1

[Event "EWICC 2019"]
[Site "Antalya"]
[Date "2019.04.12"]
[Round "2.64"]
[White "Hernandez Estevez, Yudania"]
[Black "Oz, Irem Ezra"]
[Result "1/2-1/2"]
[WhiteElo "2198"]
[BlackElo "1687"]
[Annotator "NA"]
[PlyCount "103"]
[EventDate "2019.04.11"]
[EventType "swiss"]
[EventCountry "TUR"]
[SourceTitle "playchess.com"]
[Source "ChessBase"]
[SourceQuality "1"]

1. e4 c5 2. Nf3 e6 3. d4 cxd4 4. Nxd4 a6 5. Nc3 Qc7 6. Bd3 Nf6 7. O-O Bc5 8. Nb3 Be7 9. a4 b6 10. f4 d6 11. e5 Nfd7 12. exd6 Bxd6 13. Kh1 O-O 14. a5 Bb7 15. axb6 Nxb6 16. Na5 Bd5 17. Nxd5 exd5 18. b3 Bb4 19. Bb2 Bc3 20. Bxc3 Qxc3 21. Qh5 g6 22. Qh4 f5 23. Qe1 Qf6 24. c4 Nc6 25. cxd5 Nxa5 26. Rxa5 Kg7 27. Bc4 Rfe8 28. Qa1 Qxa1 29. Rfxa1 Re4 30. Rc5 a5 31. Rc7+ Kh6 32. Rc6 a4 33. g4 Nxc4 34. bxc4 Rxf4 35. gxf5 Rxf5 36. d6 a3 37. d7 Rd8 38. Rd6 Rf7 39. Rxa3 Rdxd7 40. Rxd7 Rxd7 41. Rc3 Kg5 42. Kg2 Kf4 43. c5 Ke5 44. Kf3 Kd4 45. Rc2 Rc7 46. c6 Kd5 47. Kf4 Rxc6 48. Rxc6 Kxc6 49. Ke5 Kd7 50. Kf6 Ke8 51. Kg7 h5 52. Kxg6 1/2-1/2

[Event "EWICC 2019"]
[Site "Antalya"]
[Date "2019.04.13"]
[Round "3.1"]
[White "Ushenina, Anna"]
[Black "Osmak, Iulija"]
[Result "1/2-1/2"]
[WhiteElo "2432"]
[BlackElo "2399"]
[Annotator "NA"]
[PlyCount "27"]
[EventDate "2019.04.11"]
[EventType "swiss"]
[EventCountry "TUR"]
[SourceTitle "playchess.com"]
[Source "ChessBase"]
[SourceQuality "1"]

1. d4 e6 2. Nf3 f5 3. g3 d5 4. c4 c6 5. Bg2 Bd6 6. O-O Nf6 7. b3 Qe7 8. Bb2 Nbd7 9. Nbd2 O-O 10. e3 a5 11. Rc1 Ne4 12. Ne1 b6 13. Nd3 Ba6 14. Qc2 1/2-1/2

[Event "EWICC 2019"]
[Site "Antalya"]
[Date "2019.04.13"]
[Round "3.2"]
[White "Houska, Jovanka"]
[Black "Mkrtchian, Lilit"]
[Result "1/2-1/2"]
[WhiteElo "2426"]
[BlackElo "2397"]
[Annotator "ChessBase"]
[PlyCount "24"]
[EventDate "2019.04.11"]
[EventType "swiss"]
[EventCountry "TUR"]
[SourceTitle "playchess.com"]
[Source "ChessBase"]
[SourceQuality "1"]

1. d4 e6 2. c4 b6 3. a3 Bb7 4. Nc3 f5 5. d5 Nf6 6. g3 Na6 7. Bg2 Nc5 8. Nh3 Bd6 9. O-O O-O 10. Be3 Qe7 11. b4 Nce4 12. Nxe4 Nxe4 1/2-1/2

[Event "EWICC 2019"]
[Site "Antalya"]
[Date "2019.04.13"]
[Round "3.3"]
[White "Salimova, Nurgyul"]
[Black "Ovod, Evgenija"]
[Result "1/2-1/2"]
[WhiteElo "2415"]
[BlackElo "2367"]
[Annotator "NA"]
[PlyCount "91"]
[EventDate "2019.04.11"]
[EventType "swiss"]
[EventCountry "TUR"]
[SourceTitle "playchess.com"]
[Source "ChessBase"]
[SourceQuality "1"]

1. e4 e6 2. d4 d5 3. Nc3 Nf6 4. Bg5 dxe4 5. Nxe4 Nbd7 6. Nf3 h6 7. Nxf6+ Nxf6 8. Bh4 c5 9. dxc5 Qa5+ 10. c3 Qxc5 11. Qd4 Qxd4 12. Nxd4 a6 13. Be2 Bd7 14. Bf3 O-O-O 15. O-O Bd6 16. Bxf6 gxf6 17. Nb3 b6 18. Rfd1 Kc7 19. Be2 Bc8 20. a4 Bb7 21. a5 b5 22. c4 bxc4 23. Bxc4 Bb4 24. Nd4 Rhg8 25. Bf1 Kb8 26. Ra4 Bc5 27. Rc4 Ba7 28. Nc6+ Bxc6 29. Rxd8+ Rxd8 30. Rxc6 Rd2 31. Bxa6 Bxf2+ 32. Kf1 Rxb2 33. Rc8+ Ka7 34. Be2 Bd4 35. Bf3 Rb8 36. Rxb8 Kxb8 37. Bh5 Ka7 38. Bxf7 Ka6 39. Bxe6 Kxa5 40. Ke2 Kb6 41. Kf3 Kc5 42. Ke4 Bg1 43. h3 Kd6 44. Kf5 Ke7 45. Bc4 Be3 46. g4 1/2-1/2

[Event "EWICC 2019"]
[Site "Antalya"]
[Date "2019.04.13"]
[Round "3.4"]
[White "Arakhamia-Grant, Ketevan"]
[Black "Danielian, Elina"]
[Result "1/2-1/2"]
[WhiteElo "2360"]
[BlackElo "2413"]
[Annotator "TA"]
[PlyCount "129"]
[EventDate "2019.04.11"]
[EventType "swiss"]
[EventCountry "TUR"]
[SourceTitle "playchess.com"]
[Source "ChessBase"]
[SourceQuality "1"]

1. e4 c6 2. d4 d5 3. Nd2 dxe4 4. Nxe4 Bf5 5. Ng3 Bg6 6. h4 h6 7. Nf3 Nd7 8. h5 Bh7 9. Bd3 Bxd3 10. Qxd3 e6 11. Bd2 Qc7 12. O-O-O O-O-O 13. Ne4 Ngf6 14. g3 Nxe4 15. Qxe4 Nf6 16. Qe2 Bd6 17. c4 c5 18. Bc3 Rhe8 19. Kb1 Qc6 20. Rh4 Bc7 21. Rc1 Re7 22. Ne5 Bxe5 23. Qxe5 cxd4 24. Bxd4 b6 25. Qb5 Kb7 26. Qxc6+ Kxc6 27. Be3 e5 28. b4 a6 29. Kb2 e4 30. g4 Re6 31. g5 hxg5 32. Bxg5 Rd3 33. Be3 Re5 34. h6 gxh6 35. Rxh6 Re6 36. Rg1 b5 37. Rg5 bxc4 38. Rc5+ Kb7 39. Rxc4 Ng4 40. Rxe6 fxe6 41. Rxe4 Nxf2 42. Bxf2 Rd2+ 43. Kb3 Rxf2 44. Rxe6 Rh2 45. a4 Rh4 46. Rd6 Rg4 47. a5 Rh4 48. Kc3 Rg4 49. Rb6+ Ka7 50. Rd6 Kb7 51. Rd7+ Kb8 52. Rd4 Rg7 53. Kc4 Kb7 54. Rd6 Rc7+ 55. Kd5 Rc1 56. Rb6+ Ka7 57. Rc6 Rd1+ 58. Kc5 Rc1+ 59. Kd6 Rd1+ 60. Kc7 Rh1 61. Rd6 Rh4 62. Rb6 Rh7+ 63. Kc6 Rh6+ 64. Kc7 Rh7+ 65. Kc6 1/2-1/2

[Event "EWICC 2019"]
[Site "Antalya"]
[Date "2019.04.13"]
[Round "3.6"]
[White "Khotenashvili, Bela"]
[Black "Rapport, Jovana"]
[Result "1-0"]
[WhiteElo "2479"]
[BlackElo "2385"]
[Annotator "ChessBase"]
[PlyCount "119"]
[EventDate "2019.04.11"]
[EventType "swiss"]
[EventCountry "TUR"]
[SourceTitle "playchess.com"]
[Source "ChessBase"]
[SourceQuality "1"]

1. c4 e5 2. Nf3 Nc6 3. Nc3 g6 4. d4 exd4 5. Nxd4 Bg7 6. Nxc6 dxc6 7. Qxd8+ Kxd8 8. Bg5+ Ke8 9. h4 Be6 10. e3 Be5 11. h5 h6 12. Bf4 Bxf4 13. exf4 Rd8 14. Rd1 Rxd1+ 15. Nxd1 Nf6 16. Be2 Kf8 17. Ne3 Kg7 18. hxg6 fxg6 19. Bd3 Rd8 20. Ke2 Rd4 21. g3 c5 22. b3 Bd7 23. Bb1 Bc6 24. f3 b5 25. Rg1 a5 26. Nc2 Rd8 27. Ne1 Re8+ 28. Kf2 b4 29. Nd3 Nd7 30. g4 g5 31. Bc2 Rf8 32. Re1 gxf4 33. Ne5 Nb8 34. Bf5 Re8 35. Nd3 Rxe1 36. Nxe1 a4 37. Nd3 axb3 38. axb3 Kf6 39. Nxf4 Ke5 40. Ke3 Be8 41. Be4 Kd6 42. Ne2 Ke5 43. Ng3 Bd7 44. f4+ Kf6 45. Bf3 Kg7 46. f5 Be8 47. Kf4 Bf7 48. Bb7 Nd7 49. Ne4 Kf8 50. Bc6 Nb8 51. Ba4 Ke7 52. Nxc5 Kd6 53. Nd3 Na6 54. Bb5 Nc5 55. Nxc5 Kxc5 56. Ke5 c6 57. Ba6 h5 58. gxh5 Bxh5 59. Bc8 Kb6 60. Ke4 1-0

[Event "EWICC 2019"]
[Site "Antalya"]
[Date "2019.04.13"]
[Round "3.7"]
[White "Vega Gutierrez, Sabrina"]
[Black "Kashlinskaya, Alina"]
[Result "0-1"]
[WhiteElo "2391"]
[BlackElo "2477"]
[Annotator "ChessBase"]
[PlyCount "50"]
[EventDate "2019.04.11"]
[EventType "swiss"]
[EventCountry "TUR"]
[SourceTitle "playchess.com"]
[Source "ChessBase"]
[SourceQuality "1"]

1. e4 e5 2. Nf3 Nf6 3. Nxe5 d6 4. Nf3 Nxe4 5. Nc3 Nxc3 6. dxc3 Be7 7. Be3 Nc6 8. Qd2 Be6 9. O-O-O Qd7 10. a3 a6 11. Nd4 Nxd4 12. Bxd4 O-O 13. Rg1 Qa4 14. f4 c5 15. Bf2 b5 16. Re1 Bf6 17. g4 b4 18. cxb4 Rab8 19. b5 axb5 20. g5 Bxb2+ 21. Kxb2 b4 22. Rg3 bxa3+ 23. Ka1 a2 24. Qc3 Qxf4 25. Rf3 Rb1+ 0-1

[Event "EWICC 2019"]
[Site "Antalya"]
[Date "2019.04.13"]
[Round "3.8"]
[White "Stefanova, Antoaneta"]
[Black "Badelka, Olga"]
[Result "1/2-1/2"]
[WhiteElo "2464"]
[BlackElo "2381"]
[Annotator "TA"]
[PlyCount "77"]
[EventDate "2019.04.11"]
[EventType "swiss"]
[EventCountry "TUR"]
[SourceTitle "playchess.com"]
[Source "ChessBase"]
[SourceQuality "1"]

1. e4 e6 2. d4 d5 3. Nd2 c5 4. Ngf3 cxd4 5. Nxd4 Nc6 6. Bb5 Bd7 7. Nxc6 bxc6 8. Bd3 Qc7 9. c4 Nf6 10. O-O Bd6 11. g3 h5 12. exd5 cxd5 13. cxd5 Nxd5 14. Ne4 Be5 15. Bd2 h4 16. Rc1 Qb6 17. Qe2 hxg3 18. hxg3 Rd8 19. Rc5 Qb8 20. Ba5 Rc8 21. Bb5 Bxb5 22. Rxb5 Qa8 23. Rd1 O-O 24. Qh5 Bf6 25. Rbxd5 exd5 26. Nxf6+ gxf6 27. Qg4+ Kh7 28. Bc3 Rxc3 29. bxc3 Qc8 30. Qh4+ Kg7 31. Rd4 Re8 32. Rg4+ Kf8 33. Rf4 Qxc3 34. Rxf6 Re1+ 35. Kg2 Qa1 36. Qb4+ Kg7 37. Rf4 Rg1+ 38. Kh3 Rh1+ 39. Kg4 1/2-1/2

[Event "EWICC 2019"]
[Site "Antalya"]
[Date "2019.04.13"]
[Round "3.9"]
[White "Majdan, Joanna"]
[Black "Girya, Olga"]
[Result "0-1"]
[WhiteElo "2377"]
[BlackElo "2461"]
[Annotator "TA"]
[PlyCount "78"]
[EventDate "2019.04.11"]
[EventType "swiss"]
[EventCountry "TUR"]
[SourceTitle "playchess.com"]
[Source "ChessBase"]
[SourceQuality "1"]

1. e4 c6 2. d4 d5 3. exd5 cxd5 4. Bd3 Nc6 5. c3 Qc7 6. Ne2 e6 7. Bf4 Bd6 8. Bxd6 Qxd6 9. O-O Nge7 10. f4 Bd7 11. Nd2 f6 12. Nf3 O-O 13. Qd2 Rae8 14. Rae1 Qc7 15. Ng3 Nd8 16. Nh4 Nf7 17. Qc2 f5 18. Nf3 Nd6 19. Ne5 Bb5 20. Bxb5 Nxb5 21. Ne2 Nc6 22. Nxc6 Qxc6 23. Qd1 Nd6 24. Nc1 Ne4 25. Nd3 b5 26. Kh1 Rf6 27. Re3 Rh6 28. Ne5 Qb7 29. g4 fxg4 30. Qxg4 b4 31. Qg2 bxc3 32. bxc3 Rf8 33. Rh3 Rxh3 34. Qxh3 Rf5 35. Ng4 Qb2 36. Qh4 Qe2 37. Rg1 h5 38. Nh6+ Kh7 39. Rxg7+ Kxh6 0-1

[Event "EWICC 2019"]
[Site "Antalya"]
[Date "2019.04.13"]
[Round "3.10"]
[White "Cramling, Pia"]
[Black "Matnadze, Ana"]
[Result "1-0"]
[WhiteElo "2460"]
[BlackElo "2367"]
[Annotator "ChessBase"]
[PlyCount "59"]
[EventDate "2019.04.11"]
[EventType "swiss"]
[EventCountry "TUR"]
[SourceTitle "playchess.com"]
[Source "ChessBase"]
[SourceQuality "1"]

1. c4 Nf6 2. Nc3 c5 3. Nf3 Nc6 4. d4 cxd4 5. Nxd4 g6 6. e4 d6 7. Be2 Bg7 8. Be3 O-O 9. O-O Ng4 10. Bxg4 Bxg4 11. Nxc6 Bxd1 12. Nxd8 Bg4 13. Nxb7 a5 14. Nd5 Rfb8 15. Nc7 Bc8 16. Nxa8 Rxa8 17. Nd8 Bd7 18. Bb6 a4 19. c5 dxc5 20. Rfd1 a3 21. Rxd7 axb2 22. Rb1 c4 23. Nc6 c3 24. Nb4 Ra4 25. Rd8+ Bf8 26. Nc2 Rxe4 27. Be3 Kg7 28. Rc8 g5 29. Rxc3 Kg6 30. Rxb2 1-0

[Event "EWICC 2019"]
[Site "Antalya"]
[Date "2019.04.13"]
[Round "3.11"]
[White "Paehtz, Elisabeth"]
[Black "Narva, Mai"]
[Result "1-0"]
[WhiteElo "2456"]
[BlackElo "2365"]
[Annotator "ChessBase"]
[PlyCount "71"]
[EventDate "2019.04.11"]
[EventType "swiss"]
[EventCountry "TUR"]
[SourceTitle "playchess.com"]
[Source "ChessBase"]
[SourceQuality "1"]

1. d4 Nf6 2. c4 g6 3. Nc3 Bg7 4. e4 d6 5. f3 O-O 6. Be3 e5 7. d5 a5 8. Nge2 Na6 9. Qd2 Nc5 10. O-O-O Bd7 11. g4 Qb8 12. Ng3 Na4 13. Kb1 Nxc3+ 14. Qxc3 c5 15. h4 b5 16. h5 bxc4 17. Bxc4 Qb4 18. Qc1 Rfb8 19. Rh2 Bb5 20. Bxb5 Rxb5 21. Bh6 Rb7 22. Bxg7 Kxg7 23. Qg5 Ne8 24. hxg6 fxg6 25. Nf5+ Kf8 26. Qh6+ Kg8 27. Rdh1 gxf5 28. gxf5 Raa7 29. Rg2+ Rg7 30. Qxh7+ Kf8 31. Qh8+ Kf7 32. Rh7 Qe1+ 33. Kc2 Kf6 34. Rg6+ Ke7 35. Rgxg7+ Kd8 36. Qxe8+ 1-0

[Event "EWICC 2019"]
[Site "Antalya"]
[Date "2019.04.13"]
[Round "3.12"]
[White "Brunello, Marina"]
[Black "Atalik, Ekaterina"]
[Result "0-1"]
[WhiteElo "2356"]
[BlackElo "2455"]
[Annotator "TA"]
[PlyCount "83"]
[EventDate "2019.04.11"]
[EventType "swiss"]
[EventCountry "TUR"]
[SourceTitle "playchess.com"]
[Source "ChessBase"]
[SourceQuality "1"]

1. e4 e5 2. Nf3 Nc6 3. Bb5 a6 4. Ba4 Nf6 5. d3 d6 6. c3 g6 7. h3 Bg7 8. Be3 O-O 9. O-O b5 10. Bc2 Bb7 11. Nbd2 Re8 12. Re1 a5 13. Rc1 h6 14. Bb1 a4 15. c4 b4 16. Bc2 a3 17. Ba4 axb2 18. Rb1 Nd7 19. Rxb2 f5 20. Nf1 Nc5 21. Bxc5 dxc5 22. exf5 gxf5 23. Ng3 e4 24. Rbe2 Bc3 25. Nd2 Rxa4 26. Nxf5 Rxa2 27. Rxe4 Rxe4 28. Nxe4 Ra1 29. Qg4+ Kh8 30. Rxa1 Bxa1 31. Nxh6 Qe8 32. Qh4 Qg6 33. g4 Bg7 34. Nf5+ Kg8 35. Nxg7 Qxg7 36. Nf6+ Kf7 37. Ne4 b3 38. Qh5+ Ke7 39. Qxc5+ Kd8 40. Qb5 Qa1+ 41. Kg2 b2 42. Nc3 0-1

[Event "EWICC 2019"]
[Site "Antalya"]
[Date "2019.04.13"]
[Round "3.13"]
[White "Pogonina, Natalija"]
[Black "Beydullayeva, Govhar"]
[Result "1-0"]
[WhiteElo "2455"]
[BlackElo "2316"]
[Annotator "RC"]
[PlyCount "57"]
[EventDate "2019.04.11"]
[EventType "swiss"]
[EventCountry "TUR"]
[SourceTitle "playchess.com"]
[Source "ChessBase"]
[SourceQuality "1"]

1. d4 Nf6 2. c4 e6 3. g3 d5 4. Bg2 dxc4 5. Nf3 c5 6. O-O Nc6 7. Qa4 Bd7 8. Qxc4 b5 9. Qd3 c4 10. Qc2 Be7 11. e4 O-O 12. Qe2 Qb6 13. Rd1 Rfe8 14. Be3 Na5 15. Ne5 Red8 16. Nxd7 Rxd7 17. Nc3 b4 18. d5 Qa6 19. dxe6 Rxd1+ 20. Rxd1 bxc3 21. exf7+ Kxf7 22. e5 Rd8 23. exf6 Rxd1+ 24. Qxd1 Qxf6 25. bxc3 Qxc3 26. Qd5+ Ke8 27. Qb5+ Kf7 28. Bd5+ Kf6 29. Qa6+ 1-0

[Event "EWICC 2019"]
[Site "Antalya"]
[Date "2019.04.13"]
[Round "3.14"]
[White "Mammadova, Gulnar"]
[Black "Batsiashvili, Nino"]
[Result "1/2-1/2"]
[WhiteElo "2349"]
[BlackElo "2453"]
[Annotator "ChessBase"]
[PlyCount "72"]
[EventDate "2019.04.11"]
[EventType "swiss"]
[EventCountry "TUR"]
[SourceTitle "playchess.com"]
[Source "ChessBase"]
[SourceQuality "1"]

1. e4 e6 2. Qe2 d5 3. d3 Nc6 4. c3 e5 5. Nf3 Nf6 6. g3 dxe4 7. dxe4 a5 8. Bg2 Bc5 9. O-O O-O 10. Nh4 Bg4 11. Bf3 Bh3 12. Bg2 Qc8 13. Bg5 Bxg2 14. Kxg2 Qe6 15. Nd2 Nd7 16. Nf5 h6 17. Be3 Ne7 18. Bxc5 Nxc5 19. Qc4 Nxf5 20. Qxc5 Qd6 21. Qxd6 Nxd6 22. a4 Rfd8 23. Rfd1 Kf8 24. f4 exf4 25. gxf4 Ke7 26. Kf3 b6 27. Nf1 f5 28. e5 Nf7 29. Ne3 Ke6 30. Nc2 c5 31. Ne3 g5 32. Nc4 Rxd1 33. Rxd1 Rb8 34. Ke3 Rb7 35. Rd2 Rb8 36. Kf3 Rb7 1/2-1/2

[Event "EWICC 2019"]
[Site "Antalya"]
[Date "2019.04.13"]
[Round "3.15"]
[White "Solozhenkina, Elizaveta"]
[Black "Bulmaga, Irina"]
[Result "1/2-1/2"]
[WhiteElo "2330"]
[BlackElo "2438"]
[Annotator "TA"]
[PlyCount "81"]
[EventDate "2019.04.11"]
[EventType "swiss"]
[EventCountry "TUR"]
[SourceTitle "playchess.com"]
[Source "ChessBase"]
[SourceQuality "1"]

1. e4 Nf6 2. e5 Nd5 3. d4 d6 4. c4 Nb6 5. exd6 cxd6 6. Nc3 g6 7. Be3 Bg7 8. Rc1 O-O 9. b3 Bf5 10. Nge2 d5 11. c5 Nc8 12. g3 Nc6 13. Bg2 e5 14. Nxd5 exd4 15. Nxd4 Nxd4 16. Bxd4 Bh3 17. Bf3 Re8+ 18. Be3 g5 19. g4 Ne7 20. Nxe7+ Qxe7 21. Qd6 Qxd6 22. cxd6 Rad8 23. Bxb7 Rxd6 24. Bf3 h5 25. Rg1 Kh8 26. Rc7 Be5 27. Ke2 Rf6 28. Rxa7 hxg4 29. Bd5 Kg8 30. Kd3 Bxh2 31. Rh1 Bb8 32. Rd7 Rf5 33. Bd4 Rf4 34. f3 Be5 35. Be3 gxf3 36. Bxf4 Bxd7 37. Bxg5 Bf5+ 38. Kd2 f2 39. Bc4 Bd4 40. Rh4 Bc5 41. Kc3 1/2-1/2

[Event "EWICC 2019"]
[Site "Antalya"]
[Date "2019.04.13"]
[Round "3.16"]
[White "Mammadzada, Gunay"]
[Black "Injac, Teodora"]
[Result "1/2-1/2"]
[WhiteElo "2438"]
[BlackElo "2310"]
[Annotator "TA"]
[PlyCount "75"]
[EventDate "2019.04.11"]
[EventType "swiss"]
[EventCountry "TUR"]
[SourceTitle "playchess.com"]
[Source "ChessBase"]
[SourceQuality "1"]

1. e4 e6 2. d4 d5 3. Nd2 c5 4. Ngf3 a6 5. dxc5 Bxc5 6. Bd3 Nf6 7. exd5 exd5 8. Nb3 Be7 9. O-O O-O 10. h3 Nc6 11. Re1 Ne4 12. Bxe4 dxe4 13. Qxd8 Rxd8 14. Rxe4 Bf5 15. Re2 Rd1+ 16. Kh2 Bf6 17. c3 Be6 18. Re1 Rxe1 19. Nxe1 Rd8 20. Bf4 b5 21. Nc5 b4 22. Nxe6 fxe6 23. Rc1 bxc3 24. bxc3 e5 25. Be3 e4 26. Kg1 Kf7 27. Kf1 Rb8 28. Rc2 Rc8 29. Ke2 Ke6 30. g3 g5 31. Bd2 Na5 32. Ng2 Nc4 33. Ne3 h6 34. Nxc4 Rxc4 35. Rb2 Rc6 36. Rb4 Kd5 37. Ra4 Bxc3 38. Ke3 1/2-1/2

[Event "EWICC 2019"]
[Site "Antalya"]
[Date "2019.04.13"]
[Round "3.17"]
[White "Sargsyan, Anna M."]
[Black "Hoang, Thanh Trang"]
[Result "1-0"]
[WhiteElo "2327"]
[BlackElo "2435"]
[Annotator "NA RC"]
[PlyCount "95"]
[EventDate "2019.04.11"]
[EventType "swiss"]
[EventCountry "TUR"]
[SourceTitle "playchess.com"]
[Source "ChessBase"]
[SourceQuality "1"]

1. d4 f5 2. c4 Nf6 3. Nc3 d6 4. Bg5 Nbd7 5. Qc2 g6 6. e4 fxe4 7. Nxe4 Bg7 8. O-O-O c6 9. Nf3 Nxe4 10. Qxe4 Nf6 11. Qc2 Bf5 12. Bd3 Qd7 13. Rhe1 O-O-O 14. Bxf5 gxf5 15. Nh4 Ne4 16. Be3 Bf6 17. Nxf5 Qxf5 18. f3 Qa5 19. Kb1 Bh4 20. g3 Nxg3 21. hxg3 Bxg3 22. Rg1 Rdg8 23. Qe4 Qd8 24. d5 c5 25. b4 Qb6 26. Rd3 Be5 27. Rxg8+ Rxg8 28. Rb3 Qc7 29. f4 cxb4 30. fxe5 dxe5 31. Rxb4 Qd6 32. c5 Qg6 33. Qxg6 Rxg6 34. Re4 Kd7 35. Rxe5 e6 36. d6 b6 37. Rh5 bxc5 38. Bxc5 h6 39. Ba3 Rg1+ 40. Kb2 Rg2+ 41. Kb3 Rg3+ 42. Ka4 Rg2 43. Rxh6 Rxa2 44. Rh7+ Kc6 45. Rc7+ Kb6 46. Kb3 Rd2 47. Bc5+ Kb5 48. d7 1-0

[Event "EWICC 2019"]
[Site "Antalya"]
[Date "2019.04.13"]
[Round "3.18"]
[White "Garcia Martin, Marta"]
[Black "Tsolakidou, Stavroula"]
[Result "0-1"]
[WhiteElo "2315"]
[BlackElo "2429"]
[Annotator "NA RC"]
[PlyCount "80"]
[EventDate "2019.04.11"]
[EventType "swiss"]
[EventCountry "TUR"]
[SourceTitle "playchess.com"]
[Source "ChessBase"]
[SourceQuality "1"]

1. e4 c5 2. Nf3 d6 3. d4 cxd4 4. Nxd4 Nf6 5. Nc3 a6 6. Be3 e5 7. Nb3 Be6 8. f3 h5 9. Qd2 Nbd7 10. Nd5 Bxd5 11. exd5 g6 12. O-O-O Nb6 13. Kb1 Nfxd5 14. Bg5 Be7 15. Bxe7 Nxe7 16. Na5 d5 17. Qc3 d4 18. Qe1 Qc7 19. Bd3 Nbd5 20. Nc4 f6 21. g3 b5 22. Nd2 Rc8 23. Rc1 Qa5 24. Ne4 Qxe1 25. Rhxe1 Kd7 26. h4 Nf5 27. c3 dxc3 28. bxc3 Ke7 29. Ka1 Rhd8 30. c4 Nb4 31. Bf1 Nd4 32. Red1 bxc4 33. Kb2 f5 34. Nc3 Nxf3 35. Rxd8 Kxd8 36. Rd1+ Ke7 37. a3 Nd3+ 38. Bxd3 cxd3 39. Rxd3 Nd4 40. Nd5+ Ke6 0-1